00579cam6a220021700 4500001001200000008004100012035001900053035001800072100002500090245002800115260001000143949003700153004000600190591002400196591003600220591001700256591003200273591002800305909000900333999001900342zam00003661951128s1976 xx eng u a(Sirsi) r20980 a(MACHINE)SLC. aFabeer, H.6A82573.110aPsychology of Religion. c1976. aBF175wlccmMAINtBOOKlON-SHELF20980 aClass code: RS 920. aCourse: Psychology of religion. aSchool: S03. aLecturer: Fr. CARMODY, B.P. aNumber of Students: 32. aBook c171834d171834